[Event "Erfurt Seniors op 23rd"]
[Site "Erfurt"]
[Date "2013.12.28"]
[Round "3"]
[White "Stuch, Hans Ferdinand"]
[Black "Wahl, Frithjof"]
[Result "0-1"]
[WhiteElo "1902"]
[BlackElo "2055"]
[PlyCount "66"]
[EventDate "2013.12.26"]
[EventType "swiss"]
[EventRounds "5"]
[EventCountry "GER"]
[SourceTitle "EXT 2016"]
[Source "ChessBase"]
[SourceDate "2015.10.08"]
[SourceVersion "1"]
[SourceVersionDate "2015.10.08"]
[SourceQuality "1"]

1. d4 g6 2. e4 Bg7 3. f4 d6 4. Be3 Nf6 5. Nc3 Ng4 6. Bc1 0-0 7. Be2 Nf6 8. Be3 c6 9. a4 a5 10. g4 d5 11. e5 Ne4 12. Qd3 Nxc3 13. Qxc3 Bd7 14. h3 e6 15. Nf3 Re8 16. g5 Bf8 17. Qb3 Qc7 18. c3 Na6 19. Bxa6 Rxa6 20. Qc2 b5 21. axb5 cxb5 22. 0-0 Rc8 23. Qe2 Qb7 24. Rfc1 a4 25. Ne1 b4 26. cxb4 Rxc1 27. Rxc1 Bxb4 28. Nc2 Bb5 29. Qd1 Bf8 30. Na3 Bd7 31. Bd2 Qxb2 32. Nc2 Rc6 33. Be1 a3 0-1

[Event "Bad Godesberg op 17th"]
[Site "Bad Godesberg"]
[Date "2013.08.10"]
[Round "8"]
[White "Tominski, Norbert"]
[Black "Wahl, Frithjof"]
[Result "1/2-1/2"]
[WhiteElo "1948"]
[BlackElo "2060"]
[PlyCount "30"]
[EventDate "2013.08.03"]
[EventType "swiss"]
[EventRounds "9"]
[EventCountry "GER"]
[SourceTitle "CBM 155 Extra"]
[Source "ChessBase"]
[SourceDate "2013.08.26"]
[SourceVersion "1"]
[SourceVersionDate "2013.08.26"]
[SourceQuality "1"]

1. d4 g6 2. Nf3 Bg7 3. Bf4 d6 4. e3 Nf6 5. Bd3 0-0 6. Nbd2 c6 7. c3 Nbd7 8. Qc2 Nd5 9. Bg5 Qc7 10. h4 e5 11. h5 N7f6 12. hxg6 hxg6 13. 0-0-0 Nh7 14. Bh6 f5 15. e4 Nf4 1/2-1/2

[Event "Bad Godesberg op 17th"]
[Site "Bad Godesberg"]
[Date "2013.08.05"]
[Round "3"]
[White "Mueller, Achim2"]
[Black "Wahl, Frithjof"]
[Result "1/2-1/2"]
[WhiteElo "1971"]
[BlackElo "2060"]
[PlyCount "79"]
[EventDate "2013.08.03"]
[EventType "swiss"]
[EventRounds "9"]
[EventCountry "GER"]
[SourceTitle "CBM 155 Extra"]
[Source "ChessBase"]
[SourceDate "2013.08.26"]
[SourceVersion "1"]
[SourceVersionDate "2013.08.26"]
[SourceQuality "1"]

1. d4 g6 2. c4 Bg7 3. Nc3 d6 4. e4 c5 5. d5 Nf6 6. h3 0-0 7. Nf3 a6 8. Be2 Bd7 9. Qc2 Qc7 10. 0-0 e5 11. Ne1 Ne8 12. g4 f5 13. f3 Qd8 14. Ng2 f4 15. Bd3 Bf6 16. Qf2 g5 17. Qe2 b6 18. Bd2 Be7 19. Ne1 Nf6 20. Qg2 Qe8 21. a4 Ra7 22. b3 Rb7 23. Rf2 Rf7 24. Bc1 Rg7 25. Rfa2 Qc8 26. Be2 Bd8 27. Bd2 Be8 28. Bd3 h5 29. Kf2 Rh7 30. Nc2 Nbd7 31. Rh1 Nf8 32. Be2 Rbg7 33. Raa1 Ng6 34. Rag1 Bd7 35. Kf1 Nh4 36. Qf2 Ng6 37. Qg2 hxg4 38. hxg4 Rxh1 39. Rxh1 Nh4 40. Qg1 1/2-1/2

[Event "Bayern-ch Seniors 22nd"]
[Site "Bergen"]
[Date "2010.06.18"]
[Round "7"]
[White "Wahl, Frithjof"]
[Black "Hanisch, Friedrich"]
[Result "0-1"]
[WhiteElo "1863"]
[BlackElo "2055"]
[PlyCount "90"]
[EventDate "2010.06.12"]
[EventType "swiss"]
[EventRounds "9"]
[EventCountry "GER"]
[SourceTitle "EXT 2011"]
[Source "ChessBase"]
[SourceDate "2010.11.26"]
[SourceVersion "1"]
[SourceVersionDate "2010.11.26"]
[SourceQuality "1"]

1. e4 e6 2. b3 d5 3. Bb2 Nf6 4. e5 Nfd7 5. d4 c5 6. c3 Qb6 7. Nf3 Nc6 8. Be2 Be7 9. 0-0 c4 10. Qc2 Na5 11. Nbd2 Qc7 12. bxc4 dxc4 13. Qa4 b5 14. Qc2 Nb6 15. Ne4 Bb7 16. Bc1 Qc6 17. Nfd2 Nd5 18. Bf3 0-0 19. Ng3 Qc7 20. Rb1 a6 21. Be4 f5 22. exf6 Nxf6 23. Bxb7 Nxb7 24. Nde4 Nd5 25. Ng5 Bxg5 26. Bxg5 Nd6 27. Rbe1 Rae8 28. Re2 b4 29. cxb4 Nxb4 30. Qc3 Nd5 31. Qa3 Nb5 32. Qxa6 Nxd4 33. Rb2 Ra8 34. Qb7 Qxb7 35. Rxb7 Rf7 36. Rxf7 Kxf7 37. Be3 Nc2 38. Ne4 Kg6 39. Bd2 Rxa2 40. Rc1 Nd4 41. Kf1 Nb3 42. Rd1 Rc2 43. Ke1 c3 44. Bg5 Rb2 45. Bc1 Rb1 0-1

[Event "Bayern-ch Seniors 22nd"]
[Site "Bergen"]
[Date "2010.06.14"]
[Round "3"]
[White "Baumann, Walter"]
[Black "Wahl, Frithjof"]
[Result "0-1"]
[WhiteElo "1667"]
[BlackElo "1863"]
[PlyCount "40"]
[EventDate "2010.06.12"]
[EventType "swiss"]
[EventRounds "9"]
[EventCountry "GER"]
[SourceTitle "EXT 2011"]
[Source "ChessBase"]
[SourceDate "2010.11.26"]
[SourceVersion "1"]
[SourceVersionDate "2010.11.26"]
[SourceQuality "1"]

1. d4 g6 2. Nf3 Bg7 3. c4 d6 4. Nc3 c6 5. e4 Bg4 6. Be2 Qb6 7. 0-0 Bxf3 8. Bxf3 Qxd4 9. Qb3 Qb6 10. Be3 Qxb3 11. axb3 a6 12. c5 dxc5 13. Bxc5 Nd7 14. Na4 Nxc5 15. Nxc5 0-0-0 16. Ra4 Bxb2 17. Rb1 Bd4 18. Nxa6 bxa6 19. Rxa6 Kb7 20. Ra4 e5 0-1

[Event "Bad Bertrich op 17th"]
[Site "Bad Bertrich"]
[Date "2009.12.11"]
[Round "8"]
[White "Wahl, Frithjof"]
[Black "Thielemann, Joachim"]
[Result "1/2-1/2"]
[WhiteElo "1904"]
[BlackElo "1830"]
[PlyCount "128"]
[EventDate "2009.12.04"]
[EventType "swiss"]
[EventRounds "9"]
[EventCountry "GER"]
[SourceTitle "CBM 134 Extra"]
[Source "ChessBase"]
[SourceDate "2010.03.03"]
[SourceVersion "1"]
[SourceVersionDate "2010.03.03"]
[SourceQuality "1"]

1. e4 e5 2. Nf3 Nf6 3. d4 Nxe4 4. dxe5 d5 5. Bd3 Be7 6. 0-0 0-0 7. Nbd2 Nc5 8. Be2 Nc6 9. Nb3 Re8 10. Bb5 Bg4 11. Bxc6 bxc6 12. Nbd4 Qd7 13. Re1 Rab8 14. c3 Ne4 15. e6 Bxe6 16. Ne5 Qc8 17. Nexc6 Rb7 18. f3 Nf6 19. Nxe7+ Rxe7 20. Nc6 Re8 21. b4 h6 22. Be3 Qd7 23. Na5 Rbb8 24. Bxa7 Ra8 25. Bd4 Nh7 26. Nb7 Qb5 27. Nc5 Ra3 28. Qc1 Raa8 29. a4 Qc6 30. a5 Nf8 31. Qd2 Bd7 32. Rxe8 Bxe8 33. Re1 Ne6 34. Nb3 Qc4 35. Qb2 Bd7 36. Nd2 Qd3 37. Re3 Qg6 38. Nb3 Nf4 39. g3 Nh3+ 40. Kf1 Ng5 41. Re7 Bb5+ 42. Kg2 Qh5 43. Qf2 Qh3+ 44. Kg1 Qf5 45. Kg2 Ne6 46. Bc5 Qg5 47. f4 Qf6 48. Qe3 Bc4 49. Nd2 Nxc5 50. Nxc4 Ne6 51. Rxe6 fxe6 52. Ne5 Qf5 53. Qc5 Qc2+ 54. Kh3 Qb1 55. Qc6 Qf1+ 56. Kh4 g5+ 57. fxg5 hxg5+ 58. Kxg5 Qf5+ 59. Kh4 Rf8 60. Qxc7 Qf6+ 61. Kh3 Qf5+ 62. Kh4 Qf6+ 63. Kh3 Qf1+ 64. Kh4 Qf6+ 1/2-1/2

[Event "Bad Bertrich Seniors op 17th"]
[Site "Bad Bertrich"]
[Date "2009.12.08"]
[Round "5"]
[White "Fischer, Paul"]
[Black "Wahl, Frithjof"]
[Result "1-0"]
[WhiteElo "1759"]
[BlackElo "1872"]
[PlyCount "83"]
[EventDate "2009.12.04"]
[EventType "swiss"]
[EventRounds "9"]
[EventCountry "GER"]
[SourceTitle "EXT 2022"]
[Source "ChessBase"]
[SourceDate "2021.10.06"]
[SourceVersion "1"]
[SourceVersionDate "2021.10.06"]
[SourceQuality "1"]

1. Nc3 g6 2. h4 Nf6 3. e4 d6 4. Bc4 Bg7 5. d4 c6 6. Qf3 e6 7. Bg5 h6 8. Be3 d5 9. Bd3 dxe4 10. Nxe4 Nxe4 11. Qxe4 Nd7 12. Ne2 Nf6 13. Qf3 0-0 14. 0-0-0 Qd5 15. Qxd5 cxd5 16. f3 Bd7 17. g4 Bc6 18. g5 hxg5 19. hxg5 Nh5 20. Rh2 e5 21. dxe5 Bxe5 22. f4 Bg7 23. f5 Be5 24. Rh4 Be8 25. Bc5 Rc8 26. Bxf8 Kxf8 27. fxg6 fxg6 28. Rf1+ Kg7 29. c3 Bd7 30. Rf3 b5 31. a3 a5 32. Kd2 Rb8 33. Re3 Bd6 34. Kc2 b4 35. axb4 axb4 36. cxb4 Rxb4 37. Rxb4 Bxb4 38. Re5 Bc6 39. b3 Kf7 40. Nd4 Bb7 41. Re6 Ng7 42. Rb6 1-0

[Event "Bad Bertrich Seniors op 17th"]
[Site "Bad Bertrich"]
[Date "2009.12.05"]
[Round "2"]
[White "Wahl, Frithjof"]
[Black "Kunz, Konstantin"]
[Result "0-1"]
[WhiteElo "1872"]
[BlackElo "2182"]
[PlyCount "76"]
[EventDate "2009.12.04"]
[EventType "swiss"]
[EventRounds "9"]
[EventCountry "GER"]
[SourceTitle "EXT 2022"]
[Source "ChessBase"]
[SourceDate "2021.10.06"]
[SourceVersion "1"]
[SourceVersionDate "2021.10.06"]
[SourceQuality "1"]

1. e4 c5 2. Nc3 e6 3. g3 a6 4. a4 b6 5. Bg2 Bb7 6. Nge2 Nf6 7. d4 cxd4 8. Nxd4 Bb4 9. f3 Qc7 10. Bd2 0-0 11. Qe2 d6 12. Nb3 Nbd7 13. 0-0 Ne5 14. Be1 Nc4 15. Nd1 Bxe1 16. Rxe1 b5 17. c3 Bc6 18. Nd4 Bd7 19. axb5 axb5 20. Nf2 Qb6 21. Kh1 e5 22. Nf5 g6 23. Ne7+ Kg7 24. Ng4 Rxa1 25. Rxa1 Bxg4 26. fxg4 Ne3 27. g5 Ng8 28. Nxg8 Kxg8 29. Qf2 Nc4 30. Qxb6 Nxb6 31. Rd1 Ra8 32. h4 Nc4 33. b3 Ne3 34. Re1 Ng4 35. Bh3 Nf2+ 36. Kh2 Ra2 37. Bg2 Kf8 38. Re3 Ng4+ 0-1

[Event "Bad Bertrich Seniors op 17th"]
[Site "Bad Bertrich"]
[Date "2009.12.04"]
[Round "1"]
[White "Van Houten, Henk"]
[Black "Wahl, Frithjof"]
[Result "0-1"]
[WhiteElo "1680"]
[BlackElo "1872"]
[PlyCount "70"]
[EventDate "2009.12.04"]
[EventType "swiss"]
[EventRounds "9"]
[EventCountry "GER"]
[SourceTitle "EXT 2022"]
[Source "ChessBase"]
[SourceDate "2021.10.06"]
[SourceVersion "1"]
[SourceVersionDate "2021.10.06"]
[SourceQuality "1"]

1. b3 g6 2. Bb2 Nf6 3. c4 c5 4. e3 Bg7 5. Nc3 0-0 6. Nf3 d5 7. cxd5 Nxd5 8. Nxd5 Bxb2 9. Rb1 Bg7 10. Bc4 b5 11. Bxb5 Qxd5 12. Bc4 Qd6 13. Qc2 Bb7 14. e4 Nc6 15. d3 Rad8 16. 0-0 Rd7 17. a3 Rfd8 18. Rfe1 a6 19. Re3 e6 20. h3 Nd4 21. Nxd4 cxd4 22. Ree1 Qxa3 23. Ra1 Qb4 24. f4 Ra8 25. Kf2 e5 26. Ra4 Qd6 27. fxe5 Bxe5 28. Ra5 Qe7 29. Qd2 Kg7 30. Ke2 Bd6 31. Ra4 Bc6 32. Rf1 f5 33. Ra2 fxe4 34. Kd1 e3 35. Qe2 Qg5 0-1

[Event "Hessen-ch Seniors op 05th"]
[Site "Bad Sooden-Allendorf"]
[Date "2009.04.27"]
[Round "3"]
[White "Wahl, Frithjof"]
[Black "Hobusch, Werner"]
[Result "1/2-1/2"]
[WhiteElo "1907"]
[BlackElo "2014"]
[PlyCount "29"]
[EventDate "2009.04.25"]
[EventType "swiss"]
[EventRounds "9"]
[EventCountry "GER"]
[SourceTitle "EXT 2022"]
[Source "ChessBase"]
[SourceDate "2021.10.06"]
[SourceVersion "1"]
[SourceVersionDate "2021.10.06"]
[SourceQuality "1"]

1. e4 c5 2. Nc3 Nc6 3. g3 g6 4. Bg2 Bg7 5. d3 e6 6. f4 Nge7 7. Nf3 Nd4 8. 0-0 d5 9. Ne2 dxe4 10. dxe4 Nxf3+ 11. Bxf3 Qxd1 12. Rxd1 Bd7 13. c3 Bc6 14. Kf2 b6 15. Be3 1/2-1/2

[Event "Merano Gold Cup 33rd"]
[Site "Merano"]
[Date "2005.04.16"]
[Round "8"]
[White "Wahl, Frithjof"]
[Black "Klein, Reinhard"]
[Result "1/2-1/2"]
[WhiteElo "2156"]
[BlackElo "1926"]
[PlyCount "76"]
[EventDate "2005.04.09"]
[EventType "swiss"]
[EventRounds "9"]
[EventCountry "ITA"]
[SourceTitle "EXT 2024"]
[Source "ChessBase"]
[SourceDate "2023.10.10"]
[SourceVersion "1"]
[SourceVersionDate "2023.10.10"]
[SourceQuality "1"]

1. e4 c5 2. Nc3 Nc6 3. g3 d6 4. Bg2 Bd7 5. d3 Nf6 6. Bg5 e6 7. Nge2 Be7 8. 0-0 h6 9. Bd2 e5 10. h3 Nd4 11. f4 Qc8 12. Kh2 h5 13. Nd5 h4 14. Nxf6+ Bxf6 15. f5 Nxe2 16. Qxe2 hxg3+ 17. Kxg3 Qc7 18. Kh2 0-0-0 19. c4 Rdg8 20. b4 g6 21. Rab1 gxf5 22. exf5 Bc6 23. Be4 Kd7 24. b5 Bxe4 25. dxe4 Qd8 26. Rb3 Qf8 27. Rd3 Rh4 28. Be1 Rf4 29. Rxf4 exf4 30. e5 Qg7 31. Rxd6+ Kc8 32. Qg4 Qxg4 33. hxg4 Bxe5 34. Rd5 Bd4 35. Kh3 Rh8+ 36. Kg2 Re8 37. Bh4 Re2+ 38. Kf3 Rxa2 1/2-1/2

[Event "Alpenpokal op 30th"]
[Site "Tiefenbach"]
[Date "2004.??.??"]
[Round "1"]
[White "Jolowicz, Matias"]
[Black "Wahl, Frithjof"]
[Result "1/2-1/2"]
[WhiteElo "2133"]
[BlackElo "2009"]
[PlyCount "110"]
[EventDate "2004.01.08"]
[EventType "swiss"]
[EventRounds "9"]
[EventCountry "GER"]
[SourceTitle "EXT 2006"]
[Source "ChessBase"]
[SourceDate "2005.11.24"]
[SourceVersion "1"]
[SourceVersionDate "2005.11.24"]
[SourceQuality "1"]

1. d4 g6 2. g3 Bg7 3. Bg2 c6 4. c4 d6 5. Nc3 Nf6 6. Nf3 Nbd7 7. 0-0 0-0 8. Qc2 e5 9. Rd1 Re8 10. b3 Qc7 11. Ba3 e4 12. Nd2 e3 13. fxe3 Rxe3 14. Nde4 d5 15. Nd6 dxc4 16. Nxc4 Re8 17. e4 Nb6 18. Nd6 Rd8 19. e5 Ne8 20. Nce4 Nxd6 21. Nxd6 Nd5 22. Rf1 Be6 23. Qd2 a5 24. Rf2 Rd7 25. Raf1 Qd8 26. Ne4 b6 27. Nf6+ Bxf6 28. exf6 Kh8 29. h4 Qg8 30. Be4 Rc8 31. Rh2 h5 32. Rhf2 Kh7 33. Qg5 Kh8 34. Re1 Re8 35. Bd3 Nc7 36. Rf4 Red8 37. Re5 Rd5 38. Bc4 Rxe5 39. Qxe5 Nd5 40. Rf1 Qh7 41. Bd3 Qh6 42. Bc1 Qh7 43. Bd2 Qg8 44. Rc1 Bd7 45. Bh6 Qe8 46. Qg5 Kg8 47. Kf2 Qe6 48. Bxg6 Qxf6+ 49. Bf5+ Qxg5 50. Bxg5 f6 51. Bxd7 Rxd7 52. Be3 Nxe3 53. Kxe3 Rd6 54. Ke4 Kf7 55. Rf1 Ke6 1/2-1/2

[Event "Alpenpokal op 30th"]
[Site "Tiefenbach"]
[Date "2004.??.??"]
[Round "3"]
[White "Maugg, Ludwig"]
[Black "Wahl, Frithjof"]
[Result "1/2-1/2"]
[WhiteElo "2028"]
[BlackElo "2009"]
[PlyCount "42"]
[EventDate "2004.01.08"]
[EventType "swiss"]
[EventRounds "9"]
[EventCountry "GER"]
[SourceTitle "EXT 2006"]
[Source "ChessBase"]
[SourceDate "2005.11.24"]
[SourceVersion "1"]
[SourceVersionDate "2005.11.24"]
[SourceQuality "1"]

1. d4 g6 2. e4 Bg7 3. Nc3 d6 4. Be3 c6 5. Qd2 b5 6. Bd3 Bb7 7. Nf3 a6 8. 0-0 Nd7 9. a4 Ngf6 10. Bh6 0-0 11. Bxg7 Kxg7 12. e5 Ne8 13. Qf4 d5 14. Ne2 Nc7 15. Qg3 Rh8 16. h4 h5 17. Nf4 Nf8 18. Ng5 Rh6 19. Be2 Nfe6 20. Ngxe6+ Nxe6 21. Nxe6+ fxe6 1/2-1/2

[Event "Alpenpokal op 30th"]
[Site "Tiefenbach"]
[Date "2004.??.??"]
[Round "7"]
[White "Reinke, Kurt"]
[Black "Wahl, Frithjof"]
[Result "0-1"]
[WhiteElo "1812"]
[BlackElo "2009"]
[PlyCount "74"]
[EventDate "2004.01.08"]
[EventType "swiss"]
[EventRounds "9"]
[EventCountry "GER"]
[SourceTitle "EXT 2006"]
[Source "ChessBase"]
[SourceDate "2005.11.24"]
[SourceVersion "1"]
[SourceVersionDate "2005.11.24"]
[SourceQuality "1"]

1. d4 Nf6 2. c4 d6 3. Nc3 g6 4. e4 Bg7 5. f3 Nbd7 6. Nge2 c5 7. Be3 cxd4 8. Nxd4 Ne5 9. Qd2 h6 10. Be2 Bd7 11. Rc1 a6 12. 0-0 h5 13. a4 Rc8 14. b3 0-0 15. h3 Nc6 16. Nxc6 bxc6 17. Bd3 Rb8 18. Bc2 Re8 19. Ne2 c5 20. Rcd1 Bc6 21. Qe1 Qc8 22. Qh4 Qb7 23. g4 hxg4 24. hxg4 Nxe4 25. fxe4 Bxe4 26. Kf2 Bxc2 27. Rh1 g5 28. Bxg5 Qe4 29. Rd5 Rxb3 30. Rf5 Bd4+ 31. Kf1 Rf3+ 32. Rxf3 Qxf3+ 33. Ke1 Bf2+ 34. Qxf2 Qxh1+ 35. Kd2 Qd1+ 36. Ke3 Qd3+ 37. Kf4 e5# 0-1

[Event "GER-ch Seniors 15th"]
[Site "Bad Wiessee"]
[Date "2003.05.14"]
[Round "5"]
[White "Nagorni, Walter"]
[Black "Wahl, Frithjof"]
[Result "0-1"]
[WhiteElo "2143"]
[BlackElo "2031"]
[PlyCount "100"]
[EventDate "2003.05.??"]
[EventType "swiss"]
[EventRounds "9"]
[EventCountry "GER"]
[SourceTitle "EXT 2006"]
[Source "ChessBase"]
[SourceDate "2005.11.24"]
[SourceVersion "1"]
[SourceVersionDate "2005.11.24"]
[SourceQuality "1"]

1. Nf3 g6 2. g3 Bg7 3. Bg2 e5 4. d3 d5 5. Nbd2 Ne7 6. 0-0 0-0 7. e4 d4 8. Nc4 f6 9. a4 Be6 10. b3 c5 11. Bd2 h6 12. Nh4 Nbc6 13. f4 exf4 14. gxf4 g5 15. fxg5 fxg5 16. Rxf8+ Qxf8 17. Nf3 Ng6 18. Qe1 Bxc4 19. bxc4 Nf4 20. Bxf4 Qxf4 21. Qg3 Qxg3 22. hxg3 Rf8 23. Rf1 Nb4 24. Ne1 Rxf1+ 25. Kxf1 g4 26. Kf2 h5 27. e5 Bxe5 28. Bxb7 Kg7 29. Be4 Kf6 30. Ng2 Kg5 31. Nh4 Nxc2 32. Nf5 Ne3 33. Ne7 a5 34. Nc6 Bc7 35. Ne7 Nd1+ 36. Kg2 Ne3+ 37. Kf2 Nd1+ 38. Kg2 Nb2 39. Nd5 Bd6 40. Nb6 Bc7 41. Nd5 Bd6 42. Nb6 h4 43. gxh4+ Kxh4 44. Bf5 Nd1 45. Be4 Ne3+ 46. Kg1 Kh3 47. Nd7 Bh2+ 48. Kh1 Nd1 49. Bg2+ Kg3 50. Nxc5 Nf2# 0-1

[Event "Alpenpokal op 28th"]
[Site "Oberstdorf"]
[Date "2002.??.??"]
[Round "9"]
[White "Wunderer, Eckart"]
[Black "Wahl, Frithjof"]
[Result "1/2-1/2"]
[WhiteElo "2151"]
[BlackElo "2008"]
[PlyCount "30"]
[EventDate "2002.01.12"]
[EventType "swiss"]
[EventRounds "9"]
[EventCountry "GER"]
[SourceTitle "EXT 2003"]
[Source "ChessBase"]
[SourceDate "2002.11.25"]
[SourceVersion "1"]
[SourceVersionDate "2002.11.25"]
[SourceQuality "1"]

1. d4 g6 2. Nc3 Bg7 3. e4 d6 4. f4 c6 5. Nf3 Bg4 6. Be3 Qb6 7. Qd2 Bxf3 8. gxf3 Nf6 9. 0-0-0 Nbd7 10. Bc4 Qa5 11. Kb1 Qc7 12. e5 Nh5 13. e6 fxe6 14. Bxe6 d5 15. f5 Nf8 1/2-1/2